Microeconomic analysis

Сохранить в:
Библиографические подробности
Главный автор: Varian, Hal R.
Формат:
Опубликовано: WW Norton & Co/viva
Метки: Добавить метку
Нет меток, Требуется 1-ая метка записи!

MARC

LEADER 00000nam a2200000Ia 4500
005 20260515061615.0
100 |a Varian, Hal R. 
020 |a 9788130908632 
942 |c BK 
245 |a Microeconomic analysis  
260 |b WW Norton & Co/viva 
999 |c 26  |d 26 
952 |0 0  |1 0  |4 0  |7 0  |a ABDN  |b ABDN  |d 2026-05-15  |l 0  |p 000069  |r 2026-05-15 06:16:15  |w 2026-05-15  |y BK